=LDR 00000nam 2200000 4500 =001 INLIS000000000045998 =005 20150213081500.0 =006 =007 =008 =020 ##$$a 978.602.8123.36-5 =035 ##$$0010-021500000000558 =040 ##$$a NBPDMAT =082 ##$$a 534 =090 ##$$a 534 Dia c =100 ##$$a Dian Malini Oktovina =245 ##$$a Cakrawala sains : Aku tahu Bunyi / Dian Malini Oktovina; editor Triyani =250 ##$$a Cet. 1 =260 ##$$a Jakarta$bNobel Edumedia$c2013 =300 ##$$a vi, 35 hlm. : ilus. ; 25 cm =500 ##$$a Bibliografi hlm : 34 =650 ##$$a Bunyi-Sains =700 ##$$a Triyani =850 ##$$a NBPDMAT